Jabberwocky - Statistics

General Stats
  • This quiz has been taken 21 times
  • The average score is 24 of 28
Answer Stats
Hint Answer % Correct
“And hast thou slain the {Jabberwock}?
94%
C “Beware the Jabberwock, my {son}!
94%
J Come to my arms, my beamish {boy}!
94%
He took his vorpal sword in {hand};
94%
* One, two! One, two! And through and {through}
94%
* So rested he by the Tumtum {tree}
94%
* He left it dead, and with its {head}
89%
I He went galumphing {back}.
89%
D The frumious {Bandersnatch}!”
89%
A ’Twas brillig, and the slithy {toves}
89%
A ’Twas brillig, and the slithy {toves}
89%
H And burbled as it {came}!
83%
F And stood awhile in {thought}.
83%
B And the mome raths {outgrabe}.
83%
B And the mome raths {outgrabe}.
83%
G Came whiffling through the tulgey {wood},
83%
B Did gyre and gimble in the {wabe}:
83%
B Did gyre and gimble in the {wabe}:
83%
J He chortled in his {joy}.
83%
O frabjous day! Callooh! {Callay}!”
83%
D The jaws that bite, the claws that {catch}!
83%
I The vorpal blade went {snicker-snack}!
83%
G And, as in uffish thought he {stood},
78%
C Beware the Jubjub bird, and {shun}
78%
F Long time the manxome foe he {sought}—
78%
H The Jabberwock, with eyes of {flame},
78%
A All mimsy were the {borogoves},
72%
A All mimsy were the {borogoves},
72%
No matching quizzes found
Score Distribution
Percent of People with Each Score
Percentile by Number Answered
Your Score History
You have not taken this quiz